000 00820nam a2200241Ia 4500
003 GCL
005 20240530095317.0
008 140319s9999 xx 000 0 ara d
020 _a1164327977
040 _aGCL /
_cGCL
082 0 4 _a925
_bق/م أ
100 1 _aمحمد الصاوى
245 1 0 _aاحمد زويل :
_bوثورة التنوير في تاريخ الثقافة المصرية /
_cمحمد الصاوى
260 _aالقاهرة :
_bدار الوفاء لدنيا الطباعة والنشر ،
_c2001
300 _a249 ص ؛
_c24 سم
650 0 4 _aالعلماء
650 0 4 _aالحضارة المصرية
650 0 4 _aالعلماء العرب
650 0 4 _aالعلماء المصريون
650 0 4 _aالعلماء - تراجم
650 0 4 _aاحمد زويل
942 _2ddc
_cBK
999 _c6036
_d6036